| 000 | 00695nam a2200229 u 4500 | ||
|---|---|---|---|
| 005 | 20240924071243.0 | ||
| 008 | 090331s2007 r 000 0 eng d | ||
| 020 | _a9562393909 | ||
| 035 | _aUPN01000170178 | ||
| 049 | _aI | ||
| 050 | 4 |
_aPZ71 _bP4.36 2007 |
|
| 100 | 1 |
_aPelayo, Pepe, _d1952- |
|
| 245 | 1 | 0 |
_aEn las garras de los mataperros / _cPepe Pelayo, Betán ; il. de Alex Pelayo. |
| 250 | _a2a ed. | ||
| 260 |
_aSantiago : _bAlfaguara, _c2007. |
||
| 300 |
_a111 p. : _bil. |
||
| 440 | 0 |
_aAlfaguara infantil. _pDesde 10 años |
|
| 650 | 4 |
_aCuentos infantiles _96744 |
|
| 650 | 4 |
_aLiteratura infantil _94445 |
|
| 700 | 1 |
_aBetancourt, Juan Manuel, _d1938- , _ecoaut. |
|
| 905 | _aInfantil | ||
| 999 |
_c142284 _d142284 |
||